[Event "CAN-op U2000"]
[Site "Windsor CAN"]
[Date "2016.07.16"]
[Round "8.37"]
[White "Glew, Richard"]
[Black "Li, Jack"]
[Result "1-0"]
[WhiteElo "1722"]
[BlackElo "1629"]
[PlyCount "73"]
[EventDate "2016.07.10"]
[EventType "swiss"]
[EventRounds "9"]
[EventCountry "CAN"]

1. e4 c5 2. Nf3 Nc6 3. d4 cxd4 4. Nxd4 Qb6 5. Nxc6 bxc6 6. c4 e6 7. Bd3 Bc5 8.
O-O Ne7 9. Nc3 Bd4 10. Qc2 O-O 11. Bf4 Ng6 12. Na4 Qb7 13. Bd6 Re8 14. Rad1 Be5
15. Bc5 d6 16. Be3 Qc7 17. f4 Bf6 18. Nc3 Bb7 19. Ne2 a6 20. Ng3 Rac8 21. Nh5
Qd8 22. e5 Be7 23. exd6 Bxd6 24. c5 Bxf4 25. Nxf4 Qh4 26. Nxg6 hxg6 27. Qf2
Qxf2+ 28. Bxf2 e5 29. Bc4 Re7 30. Bg3 e4 31. Bd6 Rd7 32. Rde1 Re8 33. Rf4 Bc8
34. Rfxe4 Rxe4 35. Rxe4 Kh8 36. Re8+ Kh7 37. Rxc8 1-0

[Event "CAN-op U2000"]
[Site "Windsor CAN"]
[Date "2016.07.16"]
[Round "8.38"]
[White "Lee, Stefano"]
[Black "White, Chris"]
[Result "1-0"]
[WhiteElo "1490"]
[BlackElo "1788"]
[PlyCount "95"]
[EventDate "2016.07.10"]
[EventType "swiss"]
[EventRounds "9"]
[EventCountry "CAN"]

1. e4 e6 2. d4 d5 3. exd5 exd5 4. Nf3 Bd6 5. Bd3 Ne7 6. O-O O-O 7. c3 Bf5 8.
Ng5 h6 9. Bxf5 Nxf5 10. Qg4 Qf6 11. Nf3 Re8 12. Re1 Nd7 13. Bf4 Rxe1+ 14. Nxe1
Re8 15. Nd2 h5 16. Qg5 Qxg5 17. Bxg5 f6 18. Be3 Nxe3 19. fxe3 Rxe3 20. Kf2 Re8
21. Nef3 g5 22. Nb3 b6 23. a4 a5 24. Nbd2 Bf4 25. Nf1 Kf7 26. b4 Ke6 27. N3d2
Nf8 28. Nb3 axb4 29. cxb4 Bd6 30. b5 Kd7 31. h3 Bb4 32. Ne3 Ke6 33. Rc1 Re7 34.
Rc6+ Bd6 35. a5 bxa5 36. Nxa5 Ng6 37. Nb7 Nf4 38. Kf3 h4 39. Nc5+ Kf7 40. Nf5
Re8 41. Nxd6+ cxd6 42. Rxd6 Rb8 43. b6 Ng6 44. b7 Ke7 45. Rd7+ Ke8 46. Rc7 Ne7
47. Na6 Kd8 48. Rxe7 1-0

[Event "CAN-op U2000"]
[Site "Windsor CAN"]
[Date "2016.07.16"]
[Round "8.39"]
[White "Cui, Cynthia"]
[Black "Zhou, Annika"]
[Result "1-0"]
[WhiteElo "1700"]
[BlackElo "1533"]
[PlyCount "65"]
[EventDate "2016.07.10"]
[EventType "swiss"]
[EventRounds "9"]
[EventCountry "CAN"]

1. c4 e6 2. g3 Nf6 3. Bg2 d5 4. Nf3 Be7 5. O-O O-O 6. Nc3 Nbd7 7. d3 c6 8. a3
a5 9. Qc2 Qc7 10. Rb1 Rb8 11. b4 b5 12. cxb5 cxb5 13. bxa5 Qxa5 14. Nd4 Bb7 15.
Ncxb5 Rfc8 16. Qd2 Qxd2 17. Bxd2 Ra8 18. Bb4 Bc5 19. Rfc1 Ne8 20. Nb3 Bxb4 21.
axb4 Rxc1+ 22. Nxc1 Rb8 23. Nd4 Ba6 24. Na2 Nc7 25. Nc3 Nb5 26. Ncxb5 Bxb5 27.
Ra1 Nf6 28. Nxb5 Rc8 29. Nc7 h6 30. Ra8 Rxa8 31. Nxa8 Nd7 32. b5 Kf8 33. b6 1-0

[Event "CAN-op U2000"]
[Site "Windsor CAN"]
[Date "2016.07.16"]
[Round "8.40"]
[White "Selling, Edward"]
[Black "Gillis, Doug"]
[Result "1-0"]
[WhiteElo "1708"]
[BlackElo "1610"]
[PlyCount "109"]
[EventDate "2016.07.10"]
[EventType "swiss"]
[EventRounds "9"]
[EventCountry "CAN"]

1. d4 d5 2. Nf3 Nf6 3. Bf4 e6 4. e3 Bd6 5. Bg3 Ne4 6. Bxd6 Qxd6 7. c3 c5 8.
Nbd2 Nxd2 9. Qxd2 Nc6 10. Bd3 cxd4 11. exd4 O-O 12. O-O e5 13. dxe5 Nxe5 14.
Nxe5 Qxe5 15. Rfe1 Qf6 16. Bc2 Be6 17. Qd3 g6 18. Qd2 Rad8 19. Rad1 Bg4 20. f3
Qb6+ 21. Qf2 Qxf2+ 22. Kxf2 Be6 23. Rd4 Rc8 24. Bb3 Rc5 25. Red1 Rfc8 26. Bxd5
Bxd5 27. Rxd5 Rxd5 28. Rxd5 Rc7 29. h4 h5 30. Ke3 Re7+ 31. Kd2 Kg7 32. c4 Re6
33. c5 Ra6 34. a3 Ra4 35. g3 Kf6 36. Kc3 Ke6 37. Rd4 Ra6 38. Kb4 Ke5 39. Rd7
Rf6 40. Rd3 Rc6 41. Kc4 b6 42. b4 bxc5 43. bxc5 a6 44. Re3+ Kf6 45. Kd5 Rc8 46.
c6 Rd8+ 47. Kc5 Rd1 48. Kb6 Rc1 49. Kc7 a5 50. Rd3 Ke7 51. Rd4 Rc3 52. Re4+ Kf8
53. Kd6 Rd3+ 54. Kc5 Rc3+ 55. Rc4 1-0

[Event "CAN-op U2000"]
[Site "Windsor CAN"]
[Date "2016.07.16"]
[Round "8.41"]
[White "Faust, Steven"]
[Black "Deimert, Elroy"]
[Result "1-0"]
[WhiteElo "1613"]
[BlackElo "1612"]
[PlyCount "123"]
[EventDate "2016.07.10"]
[EventType "swiss"]
[EventRounds "9"]
[EventCountry "CAN"]

1. Nf3 Nf6 2. g3 Nc6 3. Bg2 d5 4. d4 Bf5 5. a3 g6 6. O-O Bg7 7. e3 Qd7 8. Nbd2
Bh3 9. c4 Bxg2 10. Kxg2 h5 11. h4 dxc4 12. Nxc4 Qd5 13. Ncd2 Ne4 14. Qb3 Qxb3
15. Nxb3 Rd8 16. Nfd2 Nxd2 17. Bxd2 e5 18. Bc3 exd4 19. exd4 O-O 20. Rad1 Rfe8
21. Rd3 Ne7 22. Re1 b6 23. d5 Bf8 24. Bf6 Rd7 25. Rde3 a5 26. a4 Nxd5 27. Rxe8
Nxf6 28. Rc8 Kg7 29. Re2 Bb4 30. Rc2 Rd3 31. Nc1 Rd1 32. R8xc7 Bc5 33. R7xc5
bxc5 34. Rxc5 Rd5 35. Nb3 Rxc5 36. Nxc5 Kf8 37. Nb7 Nd7 38. Nxa5 Nc5 39. b3 Ke7
40. Kf3 Kd6 41. Nc4+ Kd5 42. Nd2 f6 43. Ke3 g5 44. f3 gxh4 45. gxh4 Ne6 46. b4
f5 47. f4 Nd8 48. a5 Nc6 49. a6 Na7 50. Nf3 Kc4 51. Nd4 Kxb4 52. Nxf5 Kb5 53.
Ng3 Kxa6 54. Nxh5 Kb6 55. Ng7 Nc6 56. h5 Nd8 57. Ke4 Kc6 58. Ke5 Nf7+ 59. Kf6
Nh6 60. Kg6 Ng8 61. h6 Nxh6 62. Kxh6 1-0

[Event "CAN-op U2000"]
[Site "Windsor CAN"]
[Date "2016.07.17"]
[Round "9.25"]
[White "Piccinin, Mario"]
[Black "Faraji, Jafar"]
[Result "0-1"]
[WhiteElo "1694"]
[BlackElo "1827"]
[PlyCount "96"]
[EventDate "2016.07.10"]
[EventType "swiss"]
[EventRounds "9"]
[EventCountry "CAN"]

1. f4 d5 2. e3 Nf6 3. Nf3 g6 4. Be2 Bg7 5. O-O O-O 6. d3 c5 7. a4 Nc6 8. Qe1
Re8 9. Qg3 Nh5 10. Qh4 Nf6 11. Nc3 d4 12. Ne4 Nxe4 13. dxe4 e5 14. Qxd8 Rxd8
15. exd4 exd4 16. Bd2 Bd7 17. Bd3 Be8 18. f5 Ne5 19. Nxe5 Bxe5 20. f6 Rd6 21.
Bf4 Re6 22. Bc4 Bxf4 23. Rxf4 Re5 24. Bd5 Bc6 25. Bxc6 bxc6 26. h4 c4 27. b4
cxb3 28. cxb3 Rb8 29. Rb1 c5 30. Kf2 a5 31. Ke2 c4 32. Kd2 c3+ 33. Kc2 Rb4 34.
Rd1 Kf8 35. g4 h6 36. Kd3 Ke8 37. h5 Rg5 38. Kc2 gxh5 39. e5 hxg4 40. Rfxd4
Rxd4 41. Rxd4 g3 42. Rd1 g2 43. Rg1 h5 44. b4 axb4 45. a5 Kd7 46. a6 Kc7 47. a7
Kb7 48. Ra1 Ka8 0-1

[Event "CAN-op U2000"]
[Site "Windsor CAN"]
[Date "2016.07.17"]
[Round "9.26"]
[White "Finlay, Ian"]
[Black "Koltai, Daniel"]
[Result "1/2-1/2"]
[WhiteElo "1836"]
[BlackElo "1781"]
[PlyCount "60"]
[EventDate "2016.07.10"]
[EventType "swiss"]
[EventRounds "9"]
[EventCountry "CAN"]

1. e4 c5 2. Nf3 d6 3. d3 g6 4. g3 Bg7 5. Bg2 Nc6 6. O-O e6 7. Nbd2 Nge7 8. Re1
Rb8 9. Nf1 O-O 10. h4 b5 11. N1h2 b4 12. Ng4 a5 13. Bh6 a4 14. Bxg7 Kxg7 15.
Qd2 Ng8 16. e5 h5 17. Ng5 Nd4 18. c3 Nf5 19. Ne3 Nge7 20. Nxf5+ Nxf5 21. Qf4 d5
22. a3 bxc3 23. bxc3 Bd7 24. c4 Nd4 25. Qf6+ Kg8 26. cxd5 Qxf6 27. exf6 Nc2 28.
dxe6 fxe6 29. Be4 Nxa1 30. Rxa1 Rxf6 1/2-1/2

[Event "CAN-op U2000"]
[Site "Windsor CAN"]
[Date "2016.07.17"]
[Round "9.27"]
[White "Su, Michael"]
[Black "James, Rowan"]
[Result "1-0"]
[WhiteElo "1881"]
[BlackElo "1766"]
[PlyCount "53"]
[EventDate "2016.07.10"]
[EventType "swiss"]
[EventRounds "9"]
[EventCountry "CAN"]

1. d4 d5 2. Nf3 Nf6 3. e3 e6 4. Bd3 c5 5. b3 Nbd7 6. O-O Be7 7. Bb2 O-O 8. Nbd2
b6 9. Ne5 Nxe5 10. dxe5 Nd7 11. f4 f6 12. exf6 Bxf6 13. Bxf6 Rxf6 14. e4 Rh6
15. Nf3 Rf6 16. Ng5 Rh6 17. exd5 Nf8 18. Bc4 Qf6 19. dxe6 Bxe6 20. Nxe6 Nxe6
21. f5 Qe5 22. Bxe6+ Kh8 23. g3 Qe3+ 24. Rf2 g6 25. Qf3 Qxf3 26. Rxf3 Rd8 27.
Raf1 1-0

[Event "CAN-op U2000"]
[Site "Windsor CAN"]
[Date "2016.07.17"]
[Round "9.28"]
[White "Doknjas, Neil"]
[Black "Zhou, Lily"]
[Result "1-0"]
[WhiteElo "1867"]
[BlackElo "1768"]
[PlyCount "153"]
[EventDate "2016.07.10"]
[EventType "swiss"]
[EventRounds "9"]
[EventCountry "CAN"]

1. e4 c5 2. Nf3 Nc6 3. d4 cxd4 4. Nxd4 Nf6 5. Nc3 g6 6. Be3 Bg7 7. Nxc6 bxc6 8.
e5 Ng8 9. Bd4 Nh6 10. e6 O-O 11. Bxg7 Kxg7 12. exd7 Bxd7 13. Qd4+ Kg8 14. O-O-O
Bg4 15. f3 Qxd4 16. Rxd4 Be6 17. g4 Rfd8 18. Re4 Rd7 19. Bc4 Bxc4 20. Rxc4 Rc8
21. Rd1 Rxd1+ 22. Kxd1 f6 23. Ke2 Nf7 24. b4 Nd6 25. Rc5 Nb7 26. Rc4 Nd6 27.
Rd4 Kf7 28. Na4 Nb5 29. Rd3 Rc7 30. Nc5 e5 31. Nb3 Na3 32. Rc3 Ke7 33. Na5 Nb5
34. Rc5 Nd4+ 35. Ke3 Kd7 36. a4 Rc8 37. Rc3 Rc7 38. f4 a6 39. fxe5 fxe5 40. Nc4
Ke6 41. Nb2 Rf7 42. Nd3 Kd6 43. Ke4 Nf3 44. h4 Nd2+ 45. Ke3 Nf1+ 46. Ke2 Ng3+
47. Ke3 Nf1+ 48. Ke2 Ng3+ 49. Kd1 Ne4 50. Rxc6+ Kxc6 51. Nxe5+ Kd5 52. Nxf7 Kc4
53. b5 axb5 54. axb5 Kxb5 55. Ke2 Kc4 56. Ng5 Nf6 57. Kf3 Kc3 58. Ne4+ Nxe4 59.
Kxe4 Kxc2 60. g5 Kd2 61. Ke5 Ke3 62. Kf6 Kf4 63. Kg7 Kg4 64. Kxh7 Kh5 65. Kg7
Kxh4 66. Kxg6 Kg4 67. Kf6 Kf4 68. g6 Ke4 69. g7 Kd4 70. g8=Q Ke4 71. Qc4+ Ke3
72. Kf5 Kf3 73. Qd3+ Kf2 74. Kg4 Kg2 75. Qd2+ Kf1 76. Kg3 Kg1 77. Qd1# 1-0

[Event "CAN-op U2000"]
[Site "Windsor CAN"]
[Date "2016.07.17"]
[Round "9.29"]
[White "Zhou, Aiden"]
[Black "Thanabalachandran, Kajan"]
[Result "1-0"]
[WhiteElo "1894"]
[BlackElo "1846"]
[PlyCount "121"]
[EventDate "2016.07.10"]
[EventType "swiss"]
[EventRounds "9"]
[EventCountry "CAN"]

1. d4 d5 2. Bf4 Nf6 3. e3 c5 4. Nc3 Nc6 5. Nb5 Bg4 6. f3 Bf5 7. Nc7+ Kd7 8.
Nxa8 Qxa8 9. c3 c4 10. e4 Be6 11. e5 Nh5 12. Be3 g6 13. b3 b5 14. b4 a5 15. a3
f5 16. Nh3 Bf7 17. Ng5 Bg8 18. a4 Qb7 19. axb5 Qxb5 20. bxa5 Nxa5 21. Qa4 Qxa4
22. Rxa4 Nc6 23. Ra8 Nd8 24. g4 Ng7 25. Bg2 e6 26. O-O Be7 27. Rfa1 Ne8 28. Nh3
Nc7 29. Rb8 Nc6 30. Rb6 Bf7 31. Bg5 h6 32. Bxe7 Nxe7 33. Rd6+ Ke8 34. Rb6 Kd7
35. Rd6+ Kc8 36. Ra7 Be8 37. Nf4 Bd7 38. Rb6 Nc6 39. Nxg6 Nxa7 40. Nxh8 fxg4
41. Rb1 Nab5 42. Rc1 gxf3 43. Bxf3 Be8 44. Kf2 Kd8 45. Ke3 Ke7 46. Kd2 Na3 47.
Rg1 Ncb5 48. h4 h5 49. Bg2 Nc7 50. Kc1 Nab5 51. Kb2 Na8 52. Bf3 Nb6 53. Bd1 Nc7
54. Ng6+ Kd8 55. Nf4 Ba4 56. Bxa4 Nxa4+ 57. Kc2 Nxc3 58. Rg8+ Kd7 59. Rg7+ Kd8
60. Rxc7 Kxc7 61. Kxc3 1-0

[Event "CAN-op U2000"]
[Site "Windsor CAN"]
[Date "2016.07.17"]
[Round "9.30"]
[White "Green, Jim"]
[Black "Tanaka, Tyler"]
[Result "0-1"]
[WhiteElo "1844"]
[BlackElo "1560"]
[PlyCount "89"]
[EventDate "2016.07.10"]
[EventType "swiss"]
[EventRounds "9"]
[EventCountry "CAN"]

1. e4 c5 2. Nf3 d6 3. Bb5+ Nd7 4. d4 cxd4 5. Qxd4 Ngf6 6. Nc3 a6 7. Bxd7+ Bxd7
8. Bg5 e6 9. O-O Be7 10. Rad1 Bc6 11. Rfe1 O-O 12. Bxf6 Bxf6 13. Qxd6 Qa5 14.
Qd3 Rfd8 15. Qc4 Bxc3 16. bxc3 Bb5 17. Qb3 Rxd1 18. Rxd1 Rc8 19. a3 h6 20. Qb4
Qxb4 21. cxb4 Rc3 22. Ne1 Rc4 23. f3 Rxb4 24. Rc1 Kf8 25. Kf2 Ke7 26. Ke3 f6
27. Nd3 Rc4 28. Nb2 Rc7 29. c4 Bd7 30. Nd3 b5 31. cxb5 Rxc1 32. Nxc1 Bxb5 33.
Nb3 Kd6 34. f4 e5 35. g3 Kc6 36. Kd2 Bc4 37. Na5+ Kb5 38. Nb7 Ka4 39. Kc2 Bf7
40. Nd6 Bg6 41. f5 Bh5 42. g4 Bxg4 43. Ne8 Bf3 44. Nxg7 Bxe4+ 45. Kd2 0-1

[Event "CAN-op U2000"]
[Site "Windsor CAN"]
[Date "2016.07.17"]
[Round "9.31"]
[White "Zhang, Zhehai"]
[Black "Li, Eric M"]
[Result "1-0"]
[WhiteElo "1774"]
[BlackElo "1658"]
[PlyCount "77"]
[EventDate "2016.07.10"]
[EventType "swiss"]
[EventRounds "9"]
[EventCountry "CAN"]

1. e4 c5 2. Nf3 Nc6 3. d4 cxd4 4. Nxd4 Qb6 5. Nb3 Nf6 6. Nc3 e6 7. Bd3 Be7 8.
O-O O-O 9. Be3 Qc7 10. f4 d6 11. Qf3 a6 12. a4 Nb4 13. g4 Nxd3 14. cxd3 Bd7 15.
g5 Ne8 16. Rac1 Qb8 17. Nd4 b5 18. axb5 axb5 19. Qh5 g6 20. Qh6 b4 21. Nce2 f5
22. Qh3 Ra2 23. Rc2 Nc7 24. Qg3 Na6 25. Nc1 Ra1 26. Ndb3 Ra4 27. h4 Bb5 28.
Rff2 Kf7 29. h5 Bd8 30. hxg6+ hxg6 31. exf5 exf5 32. Bd4 Bb6 33. Rh2 Bxd4+ 34.
Nxd4 Rg8 35. Qf3 Nc7 36. Rxc7+ Qxc7 37. Rh7+ Rg7 38. Qd5+ Ke8 39. Qe6+ 1-0

[Event "CAN-op U2000"]
[Site "Windsor CAN"]
[Date "2016.07.17"]
[Round "9.32"]
[White "Einarsson, Ken"]
[Black "Shah, Omar"]
[Result "1-0"]
[WhiteElo "1780"]
[BlackElo "1927"]
[PlyCount "43"]
[EventDate "2016.07.10"]
[EventType "swiss"]
[EventRounds "9"]
[EventCountry "CAN"]

1. d4 Nf6 2. c4 e6 3. Nc3 Bb4 4. Bd2 O-O 5. Nf3 b6 6. e3 Bb7 7. Be2 c5 8. a3
Bxc3 9. Bxc3 Ne4 10. Qc2 d5 11. O-O Nxc3 12. Qxc3 cxd4 13. Qxd4 dxc4 14. Qxc4
Nd7 15. Rfd1 Rc8 16. Qa4 Qf6 17. Qxd7 Rcd8 18. Qxb7 Qxb2 19. Qa6 Qb5 20. Bxb5
Rd2 21. Rxd2 Rd8 22. Rxd8# 1-0

[Event "CAN-op U2000"]
[Site "Windsor CAN"]
[Date "2016.07.17"]
[Round "9.34"]
[White "Du, Daniel"]
[Black "Deline, Ralph"]
[Result "1/2-1/2"]
[WhiteElo "1618"]
[BlackElo "1824"]
[PlyCount "153"]
[EventDate "2016.07.10"]
[EventType "swiss"]
[EventRounds "9"]
[EventCountry "CAN"]

1. e4 c5 2. Nf3 e6 3. d4 cxd4 4. Nxd4 a6 5. Nc3 b5 6. a3 Bb7 7. f4 d6 8. Be3
Be7 9. Bd3 Nf6 10. Qf3 Nbd7 11. O-O Nc5 12. f5 e5 13. Nb3 Nxd3 14. cxd3 Rc8 15.
Qg3 h5 16. h3 Rh7 17. Rac1 Kf8 18. Qf2 Ba8 19. Na5 Qd7 20. b4 d5 21. Nxd5 Rxc1
22. Rxc1 Nxd5 23. exd5 Bxd5 24. Qc2 f6 25. Qc8+ Qxc8 26. Rxc8+ Kf7 27. Rc7 Rh8
28. Bc5 Re8 29. Rd7 Ba8 30. Kf2 Kf8 31. Bxe7+ Rxe7 32. Rd8+ Re8 33. Rd6 e4 34.
dxe4 Bxe4 35. Rxa6 Bxf5 36. Nb7 Bd3 37. Nc5 Bc4 38. Kf3 Kf7 39. Ra7+ Kg6 40. h4
Re1 41. g3 Rf1+ 42. Kg2 Rc1 43. Rc7 Rc2+ 44. Kg1 Rc3 45. Ne4 Rxa3 46. Kh2 Ra2+
47. Kg1 Rb2 48. Nd6 Rxb4 49. Nxc4 Rxc4 50. Rb7 b4 51. Rb5 Rg4 52. Kg2 Kf7 53.
Rxh5 Ke6 54. Rb5 Kd6 55. Kf3 Kc6 56. Rb8 Rc4 57. Ke3 Kd5 58. Rd8+ Ke5 59. Re8+
Kd5 60. Rd8+ Kc5 61. Rc8+ Kb5 62. Rg8 Rc3+ 63. Kf2 Rc7 64. Ke2 Kc4 65. Kd2 Kb3
66. g4 Kb2 67. g5 fxg5 68. hxg5 b3 69. g6 Kb1 70. Rb8 b2 71. Rb6 Rd7+ 72. Ke2
Kc2 73. Rc6+ Kb1 74. Rb6 Rc7 75. Kd2 Rc2+ 76. Kd1 Rg2 77. Ra6 1/2-1/2

[Event "CAN-op U2000"]
[Site "Windsor CAN"]
[Date "2016.07.17"]
[Round "9.35"]
[White "Selling, Edward"]
[Black "Zhao, Zhong"]
[Result "1-0"]
[WhiteElo "1708"]
[BlackElo "1635"]
[PlyCount "67"]
[EventDate "2016.07.10"]
[EventType "swiss"]
[EventRounds "9"]
[EventCountry "CAN"]

1. d4 Nf6 2. Nf3 e6 3. Bf4 c5 4. e3 Qb6 5. h3 Nd5 6. Bg3 cxd4 7. Nxd4 Qa5+ 8.
Qd2 Bb4 9. c3 Nxc3 10. a3 Nd5 11. axb4 Qxa1 12. Bd3 a5 13. Nb5 Na6 14. Nd6+ Kf8
15. bxa5 Nab4 16. O-O Nxd3 17. Qxd3 Qxa5 18. Rc1 Ke7 19. Nc4 Qd8 20. e4 b5 21.
Bd6+ Ke8 22. exd5 bxc4 23. Qxc4 Ba6 24. Qd4 Rc8 25. Re1 Qg5 26. dxe6 fxe6 27.
f4 Qg6 28. f5 Qf6 29. Qg4 Kf7 30. fxe6+ dxe6 31. Be5 Qg6 32. Qd4 Rhd8 33. Qa7+
Kg8 34. Qxa6 1-0

[Event "CAN-op U2000"]
[Site "Windsor CAN"]
[Date "2016.07.17"]
[Round "9.36"]
[White "Cui, Cynthia"]
[Black "Clarke, Brian"]
[Result "1/2-1/2"]
[WhiteElo "1700"]
[BlackElo "1695"]
[PlyCount "81"]
[EventDate "2016.07.10"]
[EventType "swiss"]
[EventRounds "9"]
[EventCountry "CAN"]

1. c4 Nf6 2. g3 d6 3. Bg2 e5 4. Nc3 Be7 5. Nf3 O-O 6. O-O c6 7. d3 Bg4 8. b4
Nbd7 9. a3 Qc8 10. Qb3 Nb6 11. a4 Bh3 12. b5 Bxg2 13. Kxg2 Nbd7 14. d4 exd4 15.
Nxd4 Nc5 16. Qc2 Qg4 17. Nf5 Rfe8 18. Bf4 Bf8 19. Rfd1 Nce4 20. Nxd6 Nxd6 21.
Bxd6 Qxc4 22. Qb2 cxb5 23. axb5 Bxd6 24. Rxd6 Ne4 25. Nxe4 Qxe4+ 26. Kg1 Qxe2
27. Qxe2 Rxe2 28. Rd7 Kf8 29. Rxb7 Re7 30. Rxe7 Kxe7 31. Ra6 Kd8 32. b6 Kc8 33.
Rxa7 Rxa7 34. bxa7 Kb7 35. Kg2 Kxa7 36. Kf3 Kb6 37. Kf4 Kc6 38. Kf5 Kd6 39. h4
Ke7 40. h5 f6 41. g4 1/2-1/2

[Event "CAN-op U2000"]
[Site "Windsor CAN"]
[Date "2016.07.17"]
[Round "9.37"]
[White "Li, Jack"]
[Black "Deimert, David"]
[Result "1-0"]
[WhiteElo "1629"]
[BlackElo "1650"]
[PlyCount "94"]
[EventDate "2016.07.10"]
[EventType "swiss"]
[EventRounds "9"]
[EventCountry "CAN"]

1. e4 c5 2. c3 g6 3. d4 cxd4 4. cxd4 Bg7 5. Nf3 Nf6 6. Nc3 O-O 7. Bc4 a6 8. a4
Nc6 9. O-O e6 10. Bg5 Qb6 11. Qd2 Na5 12. b3 Qb4 13. Bxf6 Bxf6 14. Nd5 Qxd2 15.
Nxf6+ Kg7 16. Nxd2 Kxf6 17. e5+ Ke7 18. Ne4 b6 19. Nd6 Nb7 20. Ne4 d5 21. exd6+
Nxd6 22. Rfe1 Nxc4 23. bxc4 Rd8 24. d5 Bd7 25. a5 Rdc8 26. d6+ Ke8 27. Rec1 Rc6
28. axb6 Rxb6 29. c5 Rc6 30. Rc3 h5 31. Nf6+ Kd8 32. Ng8 a5 33. Ne7 Rca6 34. c6
Bc8 35. g4 h4 36. Rh3 g5 37. f4 f6 38. fxg5 fxg5 39. Rf3 Ke8 40. Raf1 Rxc6 41.
Nxc6 Kd7 42. Ne5+ Kxd6 43. Nf7+ Kd5 44. Nxg5 a4 45. Re3 e5 46. h3 Bd7 47. Rd1+
Kc6 1-0

[Event "CAN-op U2000"]
[Site "Windsor CAN"]
[Date "2016.07.17"]
[Round "9.38"]
[White "Humphreys, Stephen"]
[Black "Faust, Steven"]
[Result "1/2-1/2"]
[WhiteElo "1647"]
[BlackElo "1613"]
[PlyCount "43"]
[EventDate "2016.07.10"]
[EventType "swiss"]
[EventRounds "9"]
[EventCountry "CAN"]

1. d4 Nf6 2. c4 e6 3. Nf3 b6 4. g3 Bb7 5. Bg2 Be7 6. O-O O-O 7. Re1 d6 8. Nc3
Ne4 9. Qc2 f5 10. Nd2 d5 11. cxd5 exd5 12. Ndxe4 fxe4 13. Be3 Nd7 14. Rf1 Bg5
15. Qd2 Bxe3 16. Qxe3 Nf6 17. f3 exf3 18. exf3 Re8 19. Qd2 Qd7 20. Rfe1 Rxe1+
21. Rxe1 Re8 22. Rxe8+ 1/2-1/2

[Event "CAN-op U2000"]
[Site "Windsor CAN"]
[Date "2016.07.17"]
[Round "9.39"]
[White "Gillis, Doug"]
[Black "Cashin, Ken"]
[Result "1-0"]
[WhiteElo "1610"]
[BlackElo "1837"]
[PlyCount "123"]
[EventDate "2016.07.10"]
[EventType "swiss"]
[EventRounds "9"]
[EventCountry "CAN"]

1. d4 Nf6 2. Nc3 d5 3. Bg5 Nc6 4. Bxf6 exf6 5. e3 Bf5 6. Bd3 Bg6 7. Qf3 Bb4 8.
Nge2 Qd6 9. O-O O-O 10. Qxd5 Rad8 11. Qxd6 Rxd6 12. Bxg6 fxg6 13. a3 Ba5 14. b4
Bb6 15. Na4 g5 16. c4 Nxd4 17. exd4 Bxd4 18. Nxd4 Rxd4 19. c5 a5 20. Rfd1 Rfd8
21. Rxd4 Rxd4 22. Nc3 axb4 23. Nb5 Rc4 24. axb4 Rxb4 25. Nxc7 Rc4 26. Ne6 Kf7
27. Nd8+ Ke7 28. Nxb7 Kd7 29. g3 h5 30. Rd1+ Kc7 31. Nd6 Rxc5 32. Ne8+ Kc6 33.
Nxg7 h4 34. Ne8 f5 35. gxh4 gxh4 36. Rd6+ Kb5 37. Rh6 Rc1+ 38. Kg2 Re1 39. Nd6+
Kc5 40. Nxf5 Re5 41. Nxh4 Rg5+ 42. Kf1 Rg4 43. Nf5 Ra4 44. h4 Rf4 45. Ng3 Ra4
46. h5 Rh4 47. Rh8 Kd5 48. h6 Ke6 49. f3 Kf6 50. Ne4+ Kg6 51. h7 Rxh7 52. Rxh7
Kxh7 53. Kg2 Kg6 54. Kg3 Kf5 55. Nc5 Kg5 56. f4+ Kf5 57. Kf3 Kf6 58. Ke4 Kg6
59. Ke5 Kf7 60. f5 Kf8 61. Ke6 Kg7 62. Ke7 1-0

[Event "CAN-op U2000"]
[Site "Windsor CAN"]
[Date "2016.07.17"]
[Round "9.40"]
[White "Zhou, Annika"]
[Black "White, Chris"]
[Result "1/2-1/2"]
[WhiteElo "1533"]
[BlackElo "1788"]
[PlyCount "62"]
[EventDate "2016.07.10"]
[EventType "swiss"]
[EventRounds "9"]
[EventCountry "CAN"]

1. e4 e6 2. d4 d5 3. exd5 exd5 4. Nf3 Bd6 5. Bd3 Ne7 6. O-O O-O 7. Re1 Bf5 8.
Be3 Bxd3 9. Qxd3 Nd7 10. c3 Ng6 11. Nbd2 c6 12. Rad1 Nf6 13. Qf5 Qb6 14. Rb1
Qc7 15. Bg5 Qd7 16. Qxd7 Nxd7 17. Nf1 Rae8 18. Ng3 h6 19. Be3 Re6 20. Nf5 Bc7
21. Bd2 Rfe8 22. Rxe6 Rxe6 23. Re1 Rxe1+ 24. Nxe1 Nf6 25. f3 Nf4 26. Bxf4 Bxf4
27. Nd3 Bc7 28. Nc5 b6 29. Nd3 h5 30. Ne7+ Kf8 31. Nxc6 a5 1/2-1/2

[Event "CAN-op U2000"]
[Site "Windsor CAN"]
[Date "2016.07.17"]
[Round "9.41"]
[White "Deimert, Elroy"]
[Black "Lee, Stefano"]
[Result "0-1"]
[WhiteElo "1612"]
[BlackElo "1490"]
[PlyCount "66"]
[EventDate "2016.07.10"]
[EventType "swiss"]
[EventRounds "9"]
[EventCountry "CAN"]

1. e4 c6 2. d4 d5 3. e5 Bf5 4. g4 Bg6 5. h4 h6 6. h5 Bh7 7. e6 Nf6 8. exf7+
Kxf7 9. Bd3 Nbd7 10. Bxh7 Nxh7 11. Qd3 e6 12. Qg6+ Ke7 13. Ne2 Ndf6 14. f3 Kd7
15. Bf4 Qb6 16. O-O Be7 17. Nd2 Rhg8 18. c4 Nf8 19. Qf7 g5 20. Bd6 Qd8 21. Rfe1
Kxd6 22. c5+ Kd7 23. Ng3 Qc7 24. Re5 Re8 25. Rae1 Kd8 26. Kg2 Rh8 27. Rxe6 Rh7
28. Qxf6 Bxf6 29. Rxe8+ Kd7 30. Rxf8 Bxd4 31. Nb3 Bxb2 32. Nf5 Be5 33. Re8 Kxe8
0-1

[Event "CYCC U08"]
[Site "Windsor CAN"]
[Date "2016.07.05"]
[Round "1.129"]
[White "Li, Eric M"]
[Black "Baweja, Aayan"]
[Result "1-0"]
[WhiteElo "947"]
[BlackElo "473"]
[PlyCount "77"]
[EventDate "2016.07.05"]
[EventType "swiss"]
[EventRounds "7"]
[EventCountry "CAN"]

1. d4 d5 2. c4 Nf6 3. cxd5 Nxd5 4. e4 Nf6 5. Nc3 Nc6 6. Nf3 Bd7 7. Bc4 e6 8.
O-O Bb4 9. Qc2 O-O 10. Bg5 g6 11. e5 Bxc3 12. Qxc3 Ne4 13. Bxd8 Nxc3 14. Bxc7
Ne4 15. Rfe1 Ng5 16. Nxg5 Nb4 17. Bd6 Rfc8 18. Bxb4 b5 19. Bd3 Rc1 20. Raxc1 a5
21. Bd2 Bc8 22. Bxb5 Bb7 23. b3 Rd8 24. Bxa5 Rxd4 25. a4 Rg4 26. Nh3 Rxg2+ 27.
Kf1 Rxh2 28. Ng1 Bg2+ 29. Ke2 Rh1 30. Bb6 Kg7 31. a5 Kg8 32. a6 Kg7 33. a7 Kg8
34. Bc6 Bxc6 35. Rxc6 Kh8 36. a8=Q+ Kg7 37. Be3 Rh5 38. Rc8 f5 39. Rc7# 1-0

[Event "CYCC U08"]
[Site "Windsor CAN"]
[Date "2016.07.05"]
[Round "1.130"]
[White "Li, Adam"]
[Black "Liu, Henry"]
[Result "1-0"]
[WhiteElo "414"]
[BlackElo "900"]
[PlyCount "29"]
[EventDate "2016.07.05"]
[EventType "swiss"]
[EventRounds "7"]
[EventCountry "CAN"]

1. e4 e5 2. Nf3 Nc6 3. Bc4 Na5 4. Nxe5 Qh4 5. Nc3 Bc5 6. O-O Nh6 7. d4 Bb6 8.
Bxh6 gxh6 9. Bxf7+ Ke7 10. Nd5+ Kd6 11. c4 Qd8 12. Qd3 h5 13. Qc3 h4 14. c5+
Bxc5 15. dxc5# 1-0

[Event "CYCC U08"]
[Site "Windsor CAN"]
[Date "2016.07.05"]
[Round "1.116"]
[White "Duong, Eric"]
[Black "Ning, Eric"]
[Result "0-1"]
[WhiteElo "754"]
[BlackElo "1625"]
[PlyCount "60"]
[EventDate "2016.07.05"]
[EventType "swiss"]
[EventRounds "7"]
[EventCountry "CAN"]

1. d4 Nf6 2. Nf3 g6 3. Bf4 Bg7 4. e3 Nh5 5. Bg3 Nxg3 6. hxg3 d5 7. Bd3 c5 8. c3
b6 9. Qe2 Bb7 10. Bb5+ Nd7 11. g4 a6 12. Bd3 b5 13. Nbd2 b4 14. c4 cxd4 15.
exd4 dxc4 16. Bxc4 Nb6 17. Bb3 Bxd4 18. Ng5 Bd5 19. Bxd5 Qxd5 20. Rb1 Qxg5 21.
Ne4 Qd5 22. Rg1 Bg7 23. b3 O-O 24. Rd1 Qb5 25. Qxb5 axb5 26. Ng5 Rfd8 27. Rc1
Rdc8 28. Rd1 Rxa2 29. Rd2 Rc1+ 30. Rd1 Bc3+ 0-1

[Event "CYCC U08"]
[Site "Windsor CAN"]
[Date "2016.07.05"]
[Round "1.117"]
[White "Zhong, Kevin"]
[Black "Cheng, Adam"]
[Result "1-0"]
[WhiteElo "1551"]
[BlackElo "737"]
[PlyCount "24"]
[EventDate "2016.07.05"]
[EventType "swiss"]
[EventRounds "7"]
[EventCountry "CAN"]

1. e4 d6 2. d4 Nf6 3. Nc3 g6 4. Be3 Bg7 5. h3 O-O 6. f4 c5 7. dxc5 dxc5 8. Qxd8
Rxd8 9. Bxc5 Nc6 10. Nf3 Be6 11. Be2 b6 12. Be3 Rd7 {
White played the illegal 13. 0-0-0 and won in 39 moves.} 1-0